Capitales contenant la lettre R - Statistiques

Statistiques générales
  • Ce quiz a été pris 1 275 fois
    593 depuis la dernière actualisation
  • Le résultat moyen est 54 sur 81
Statistiques - réponses
Afrique % Correct
Paris
93%
Madrid
92%
Brasilia
89%
Rome
89%
Londres
88%
Berlin
87%
Canberra
87%
Alger
86%
Amsterdam
86%
Rabat
86%
Bucarest
84%
Bruxelles
83%
Buenos Aires
83%
Riga
83%
Andorre-la-Vieille
82%
Berne
81%
Le Caire
81%
Reykjavik
81%
Varsovie
80%
Ankara
78%
Bratislava
78%
Caracas
76%
Prague
76%
Zagreb
75%
Belgrade
74%
Jérusalem
74%
Luxembourg
74%
Pristina
73%
Riyad
73%
Dakar
72%
Erevan
72%
Podgorica
72%
Beyrouth
71%
Brazzaville
71%
Saint-Marin
71%
Sarajevo
71%
Georgetown
69%
Nairobi
69%
Tirana
69%
Port-au-Prince
68%
Antananarivo
67%
Freetown
67%
Singapour
67%
Téhéran
67%
Tripoli
67%
San Salvador
66%
Libreville
65%
Yamoussoukro
64%
Oulan-Bator
63%
Paramaribo
62%
Khartoum
61%
Accra
60%
Conakry
59%
Port-d'Espagne
59%
Port-Louis
59%
Praia
59%
Harare
58%
Kuala Lumpur
58%
Port Moresby
58%
Asmara
57%
Monrovia
56%
Porto-Novo
56%
Port-Vila
56%
Bandar Seri Begawan
54%
Roseau
54%
Castries
53%
Gaborone
53%
Moroni
53%
Victoria
53%
Saint-Georges
51%
Basseterre
50%
Bridgetown
50%
Maseru
50%
Yaren
50%
Honiara
48%
Palikir
47%
Tarawa-Sud
47%
Sri Jayawardenapura Kotte
45%
Majuro
42%
Ngerulmud
41%
Nusantara
17%
Aucun quiz correspondant
Distribution des résultats
% des personnes avec chaque résultat
Percentile par nombre de réponses
Votre historique - résultats
Vous n’avez pas pris ce quiz depuis la dernière actualisation